[Event "NRW Class1 1516"]
[Site "Germany"]
[Date "2016.01.10"]
[Round "5.1"]
[White "Suchland, Marko"]
[Black "Bitalzadeh, Ali"]
[Result "1/2-1/2"]
[WhiteElo "2134"]
[BlackElo "2363"]
[PlyCount "62"]
[EventDate "2015.09.27"]
[EventType "team-tourn"]
[EventRounds "9"]
[EventCountry "GER"]
[SourceTitle "EXT 2017"]
[Source "ChessBase"]
[SourceDate "2016.10.25"]
[SourceVersion "1"]
[SourceVersionDate "2016.10.25"]
[SourceQuality "1"]
[WhiteTeam "Werther"]
[BlackTeam "Erkenschwick"]
[WhiteTeamCountry "GER"]
[BlackTeamCountry "GER"]

1. e4 g6 2. c4 Bg7 3. Nc3 c5 4. g3 Nc6 5. Bg2 d6 6. Nge2 a6 7. 0-0 Rb8 8. d3 b5 9. Rb1 Qa5 10. a3 bxc4 11. dxc4 Nf6 12. Bd2 0-0 13. Nd5 Qd8 14. Bc3 e5 15. b4 Nxd5 16. cxd5 Nd4 17. Nxd4 exd4 18. Ba1 Bd7 19. Qd2 Qb6 20. Rfc1 f5 21. Bh3 a5 22. Kg2 axb4 23. axb4 cxb4 24. Rc4 b3 25. Bxd4 Qb5 26. Rc7 Bxd4 27. Qxd4 Rf7 28. Rc3 Qe2 29. Rcxb3 Rxb3 30. Rxb3 Bb5 31. Rb1 Qd3 1/2-1/2

[Event "NRW Class1 1516"]
[Site "Germany"]
[Date "2015.11.22"]
[Round "3.1"]
[White "Suchland, Marko"]
[Black "Paris, Michael"]
[Result "1-0"]
[WhiteElo "2134"]
[BlackElo "2194"]
[PlyCount "79"]
[EventDate "2015.09.27"]
[EventType "team-tourn"]
[EventRounds "9"]
[EventCountry "GER"]
[SourceTitle "EXT 2017"]
[Source "ChessBase"]
[SourceDate "2016.10.25"]
[SourceVersion "1"]
[SourceVersionDate "2016.10.25"]
[SourceQuality "1"]
[WhiteTeam "Werther"]
[BlackTeam "Koeln Lasker"]
[WhiteTeamCountry "GER"]
[BlackTeamCountry "GER"]

1. e4 e5 2. Nc3 Nc6 3. g3 Bc5 4. Bg2 Nf6 5. Nge2 a6 6. 0-0 d6 7. h3 Be6 8. Nd5 Qd7 9. d3 Ng8 10. Kh2 0-0-0 11. c3 Nce7 12. Nxe7+ Qxe7 13. d4 Ba7 14. d5 Bd7 15. c4 f5 16. exf5 g6 17. b4 Nf6 18. Qb3 h5 19. Be3 Bxe3 20. Qxe3 Bxf5 21. Kg1 Kb8 22. Rfd1 Qd7 23. c5 Qb5 24. a3 Rhf8 25. Nc3 Qc4 26. c6 Qb3 27. cxb7 Kxb7 28. Bf1 Ra8 29. a4 Nd7 30. a5 Kc8 31. b5 Nc5 32. bxa6 Kd8 33. Qg5+ Ke8 34. Nb5 Nxa6 35. Rac1 Rd8 36. Nxc7+ Nxc7 37. Rxc7 Rd7 38. Rdc1 Qxd5 39. Rc8+ Kf7 40. Bc4 1-0

[Event "Oberliga NRW 0607"]
[Site "Germany"]
[Date "2007.05.06"]
[Round "9.7"]
[White "Suchland, Marko"]
[Black "Schroeder, Wilfried"]
[Result "1/2-1/2"]
[WhiteElo "2110"]
[BlackElo "2243"]
[PlyCount "39"]
[EventDate "2006.09.17"]
[EventType "team-tourn"]
[EventRounds "9"]
[EventCountry "GER"]
[SourceTitle "EXT 2008"]
[Source "ChessBase"]
[SourceDate "2007.11.25"]
[SourceVersion "1"]
[SourceVersionDate "2007.11.25"]
[SourceQuality "1"]
[WhiteTeam "Werther"]
[BlackTeam "Wattenscheid II"]
[WhiteTeamCountry "GER"]
[BlackTeamCountry "GER"]

1. d4 d5 2. c4 e6 3. Nf3 c6 4. e3 f5 5. Bd3 Nf6 6. 0-0 Bd6 7. b3 Qe7 8. Bb2 0-0 9. Ne5 b6 10. Nc3 Bb7 11. cxd5 exd5 12. Qc2 g6 13. f4 Nbd7 14. a4 a5 15. h3 Ne4 16. Nxe4 fxe4 17. Be2 Nxe5 18. fxe5 Bb4 19. Rxf8+ Rxf8 20. Rf1 1/2-1/2